| 000 | 00000nam 22000008a 4500 |
| 001 | 9.834782 |
| 003 | CaOODSP |
| 005 | 20221107150519 |
| 007 | cr ||||||||||| |
| 008 | 170404s2017 quc o f00| 0 fre d |
| 020 | |a978-0-660-08208-0 |
| 040 | |aCaOODSP|bfre |
| 043 | |an-cn--- |
| 086 | 1 |aCW66-558/2017F-PDF |
| 245 | 00|aIntendance de l'habitat des amphibiens, des reptiles et des chauves-souris au sud de l'île de Vancouver, C.-B. |h[ressource électronique]. |
| 260 | |a[Gatineau, Québec] : |bEnvironnement et Changement climatique Canada, |c[2017]. |
| 300 | |a[1] p. |
| 500 | |aPubl. aussi en anglais sous le titre : Amphibian, reptile, and bat habitat stewardship on Southern Vancouver Island, BC. |
| 500 | |aTitre de départ. |
| 500 | |a« Programme d'intendance de l'habitat - Volet sur la prévention. » |
| 692 | 07|2gccst|aHabitat |
| 710 | 2 |aService canadien de la faune. |
| 775 | 08|tAmphibian, reptile, and bat habitat stewardship on Southern Vancouver Island, BC |w(CaOODSP)9.834781 |
| 856 | 40|qPDF|s306 Ko|uhttps://publications.gc.ca/collections/collection_2017/eccc/CW66-558-2017-fra.pdf |